| 000 | 00642nam a22002657a 4500 | ||
|---|---|---|---|
| 005 | 20231010144204.0 | ||
| 008 | 190319b xxu||||| |||| 00| 0 spa d | ||
| 020 | _a9789687926049 | ||
| 041 | _aspa | ||
| 082 | _a155.23 Z25j | ||
| 100 |
_aZamora Calvo, Pablo _99231 |
||
| 245 | _aJóvenes de éxito: el camino del éxito | ||
| 260 | _aMéxico | ||
| 260 | _bIBALPE | ||
| 260 | _c1998 | ||
| 300 | _a284 páginas | ||
| 650 | _aPERSONALIDAD | ||
| 650 | _aPLAN DE VIDA | ||
| 650 | _aMETAS | ||
| 650 | _aHÁBITOS | ||
| 650 | _aRELACIONES HUMANAS | ||
| 650 | _aMOTIVACIÓN | ||
| 650 | _aAUTOESTIMA | ||
| 942 |
_cLIT _2ddc |
||
| 999 |
_c11748 _d11748 |
||